| 000 | 00407nam a2200169Ia 4500 | ||
|---|---|---|---|
| 003 | IN-BaIIA | ||
| 008 | 211028s9999 xx 000 0 eng d | ||
| 020 | _a0-330-32091-2 | ||
| 040 | _cIIA Library | ||
| 080 |
_a82-3 _bSAC |
||
| 100 |
_aSacks, O. _922695 |
||
| 245 | 0 |
_aAwakenings _cO. Sacks |
|
| 260 |
_aLondon Picador _bMacmillan _c1991 |
||
| 300 | _axxxix, 408p | ||
| 650 | _aFiction | ||
| 942 | _cBK | ||
| 999 |
_c12930 _d12930 |
||